| 000 | 01027cab a2200265 4500 | ||
|---|---|---|---|
| 001 | ABS49871 | ||
| 008 | 090401t1993 xxu||||| |||| 00| 0 eng d | ||
| 035 | _a(Sirsi) u73124 | ||
| 041 | _aeng | ||
| 100 | _aToxward, B. | ||
| 245 | 3 | _aAn explanation of discounted cash flows, their use in the valuation and investment process and selected case studies | |
| 260 | _c1993 | ||
| 350 | _a0 | ||
| 490 |
_aAIVLE Research Notes _v(9) November 1993 (8) |
||
| 520 | _aThe first of two articles on the role of this approach to valuation explains the use of net present value and internal rate of return. Continues with a look at the method`s treatment in the courts and the financial assumptions which underpin its use in practice. (Australia) | ||
| 650 | _aAUSTRALIA | ||
| 650 | _aDISCOUNTED CASH FLOW | ||
| 650 | _aINTERNAL RATE OF RETURN | ||
| 650 | _aNET PRESENT VALUE | ||
| 650 | _aVALUATION METHODS | ||
| 690 | _aOVERSEAS-REST OF THE WORLD | ||
| 690 | _aRATING AND VALUATION | ||
| 942 | _n0 | ||
| 948 | _c04/03/1997 | ||
| 999 |
_c46241 _d46241 |
||